000
00216nam a22001217a 4500
040
_c
HS
082
_a
636
100
_a
NA
245
_a
Dairy Essentials
260
_a
NA
_b
NA
_c
2008
300
_a
140p;
942
_c
EK
999
_c
10309
_d
10309